1516 1662 1131 1209 1352 1194 1248 1600 1260 1794 1336 1452 1508 1859 1682 1333 1754 1482 1362 1390 1778 1629 1411 1887 1052 1379 1911 1551 1817 1786 1670 1696 1114 1309 1870 1189 1283 1673 1046 1367 1240 1489 1576 1571 1450 1892 1475 1542 1765 1065 1551 1281 1072 1529 1514 1219 1642 1907 1748 1611 1835 1316 1089 1899 1710 1488 1218 1094 1725 1411 1519 1994 1337 1379 1377 1282 1492 1521 1457 1435 1384 1428 1694 1894 1146 1656 1935 1827 1549 1357 1195 1138 1238 1269 1079 1864 1628 1066 1815 BCNSPRNW ULIB Ver.6.0+V

เปลี่ยนเป็นภาษาไทย

Change to English
 แสดงรายละเอียดบรรณานุกรม
  กลับหน้าหลัก

Brief Record : Get Marc (ISO 2709) : E-mail record : QR code < ปิดหน้าต่าง
LEADER : 00000nam 2200000uu 4500
001    13399122554
003     ULIB
008    130730s2549||||th 000 0 tha d
060 04 ^aWY152^bศ471อ
100 0  ^aศิริมา วงศ์แหลมทอง
245 10 ^aเอกสารประกอบคำสอน หลักสูตรพยาบาลศาสตร์บัณฑิต(ต่อเนื่อง) วิชาการพยาบาลผู้ใหญ่และผู้สูงอายุ 1 รหัสวิชา พย.3106 /^cศิริมา วงศ์แหลมทอง
250    ^aพิมพ์ครั้งที่ 1
260    ^aนครสวรรค์ :^bวิทยาลัยพยาบาลบรมราชชนนี สวรรค์ประชารักษ์ นครสวรรค์,^c2549
300    ^a184 หน้า
650  7 ^aการพยาบาลผู้สูงอายุ
650  7 ^aผู้สูงอายุ^xการดูแล
710 2  ^aสถาบันพระบรมราชชนก. ^bวิทยาลัยพยาบาลบรมราชชนนี สวรรค์ประชารักษ์ นครสวรรค์
945    ^p0^l0^i20001
995    ^aทศพร
999    ^aทศพร เกษรทอง
รายการนี้ยังไม่มีแท็ก
คุณยังไม่ได้ล็อกอิน คุณสามารถมีกิจกรรมร่วมกับเว็บไซต์ได้ แต่ต้องล็อกอินก่อน ::
  ล็อกอิน

รายการสื่อสารสนเทศ

ลำดับที่ ประเภท เลขเรียก/บาร์โค้ด สถานที่ สถานะ
1. Book การพยาบาล
Book การพยาบาล
WY152 ศ471อ ฉ.1 
  Barcode: 20001
ห้องสมุดวิทยาเขตสวรรค์ประชารักษ์
►หนังสือทั่วไป
บนชั้น

รายการใกล้เคียง
    ผู้แต่ง [ศิริมา วงศ์แหลมทอง]

    หัวเรื่อง [การพยาบาลผู้สูงอายุ]
    หัวเรื่อง [ผู้สูงอายุ การดูแล]

BibComment


ยังไม่เคยถูกคอมเมนท์

คอมเมนท์ทรัพยากรรายการนี้
  คอมเมนท์: เอกสารประกอบคำสอ..


 Copyright 2026. Bcnsprnw @Library